Loading...
| Philosophy | 0 | 2 | 0 | 0 | 20 | 51 | 85.00 | 2 | 2 |
| History - American History | 0 | 1 | 0 | 0 | 10 | 100 | 100.00 | 1 | 1 |
| Mythology | 0 | 1 | 0 | 0 | 10 | 121 | 121.00 | 0 | 1 |
| Social Science | 0 | 1 | 0 | 1 | 10 | 118 | 118.00 | 0 | 1 |
| Religion | 0 | 1 | 0 | 1 | 10 | 133 | 133.00 | 0 | 1 |
| Science - Chemistry | 0 | 1 | 0 | 0 | 10 | 115 | 115.00 | 0 | 1 |
| Science - Physics | 0 | 1 | 0 | 1 | 10 | 124 | 124.00 | 0 | 1 |
| Fine Arts - Other Fine Arts | 0 | 0 | 0 | 0 | 0 | 0.00 | 0 | 0 | |
| Science - Biology | 0 | 1 | 2 | 0 | 0 | 79 | 79.00 | 1 | 1 |
| Geography | 0 | 0 | 1 | 0 | -5 | 0.00 | 0 | 0 | |
| Science - Other Science | 0 | 0 | 1 | 0 | -5 | 0.00 | 0 | 0 |